| 000 | 07105cam a22004574i 4500 | ||
|---|---|---|---|
| 003 | PE-LiUPU | ||
| 005 | 20250731183348.0 | ||
| 008 | 071217s2008 nyuab b 001 0 eng | ||
| 020 | _a0847831116 | ||
| 020 | _a9780847831111 | ||
| 035 | _a(Sirsi) i9780847831111 | ||
| 040 |
_aDLC _bspa _cDLC _dBTCTA _dBAKER _dYDXCP _dNTG _dBWX _dUAT _dVP@ _dMUQ _dCDX _dOMB _dIXA _dSMP _dNLGGC _dI3U _dGEBAY _dIQU _dBDX _dTULIB _dOCLCO _dOCLCF _dOCLCQ _dDEBBG _dS3O _dOCLCQ _dPE-LiUPU |
||
| 049 | _aPRUA | ||
| 082 | 0 | 4 |
_a711.4 _bN4 _222 |
| 245 | 0 | 0 |
_aNew urbanism and beyond : _bdesigning cities for the future / _cEdited by Tigran Haas. |
| 246 | 0 | 3 | _aDiseño de las ciudades para el futuro. |
| 264 |
_aNew York : _bDistributed to the U.S. trade by Random House, _c2008. |
||
| 300 |
_a349 páginas : _bilustraciones ; _c29 centímetros. |
||
| 336 |
_text _2rdacontent |
||
| 337 |
_unmediated _2rdamedia |
||
| 338 |
_volume _2rdacarrier |
||
| 504 | _aBibliografía :páginas 322-337. | ||
| 505 | 0 | _aNew urbanism and beyond / Tigran Haas -- Theories of urban form: Generative codes : the path to building welcoming, beautiful, sustainable neighborhoods / Christopher Alexander. The new science of space and the art of place : toward a space-led paradigm for researching and designing the city / Bill Hillier. Three urbanisms : new, everyday, and post / Douglas Kelbaugh. Urban renaissance, urban villages, smart growth : find the differences / Peter Hall. Settlements of the future / Léon Krier. Something lived, something dreamed : principles and poetics in urban design / William McDonough -- Exploring new urbanism: The traditional neighborhood and urban sprawl / Andrés Duany and Elizabeth Plater-Zyberk. The urban network / Peter Calthorpe. New urbanism : a forum, not a formula / Ellen Dunham-Jones. Making cloth from threads / Daniel Solomon. The unbearable lightness of new urbanism / Emily Talen. The challenges of achieving social objectives through mixed use / Jill Grant -- Suburbia, sprawl, and urban decline: The suburban city / Delores Hayden. Speed, size, and the destruction of cities / Dom Nozzi. Restraining sprawl : a common interest to enhance the quality of life for all / Louise Nyström. The emergence of mixed-use town centers in the United States / Tom Martineau. Urban design and the metropolis / Robert Beauregard -- Streets, transport, and public realm: Lively, attractive, and safe cities, but how? / Jan Gehl. Great streets and city planning / Allan Jacobs. True urbanism and the European square : catalyst for social engagement and democratic dialogue / Suzanne Crowhurst Lennard. Urbanism and the articulation of the boundary / Ali Madanipour. The new urbanism and public space / George Baird. Transit-oriented development in America : strategies, issues, policy directions / Robert Cervero -- The elements of urban design: Recombinant urbanism / David Grahame Shane. Spatial capital and how to measure it : an outline of an analytical theory of urban form / Lars Marcus. Centrality and cities : multiple centrality assessment as a tool for urban analysis and design / Sergio Porta and Vito Latora. Integrated approaches and dynamic processes / Arun Jain. Planning for walkable streets / Rick Hall -- Real estate, city marketing, and culture: Urban retail planning principles for traditional neighborhoods / Robert Gibbs. Confronting the question of market demand for urban residential development / Laurie Volk and Todd Zimmerman. The need for patient equity in creating great places / Christopher B. Leinberger. A changed focus on retail and its implications on planning / Anders Almér. The role of culture in urban development / Goron Cars. The heritage management in urban development planning / Krister Olsson -- Sustainability, technology, and the environment: Does new urbanism really overcome automobile dependence? / Peter Newman. Green urbanism : a manifesto for re-earthing cities / Timothy Beatley. Eco-tech urbanism : toward the green and smart city / Dushko Bogunovich. On community (from zoon politikon to multitude) / Lars Lerup. Petrocollapse and the long emergency / James Howard Kunstler -- Urban digital spaces and cyber cities: Connectivity and urban space / William Mitchell. Urban network architectures and the structuring of future cities / Stephen Graham. Locative media urbanism / Malcolm McCullough. What is the internet doing to community, and visa versa / Barry Wellman. The Santa Fe-ing of the urban and urbane / Joel Garreau -- Social capital and mutual benefit: Creating common spaces : urban planning, local media, and technology / Robert Putnam and Lewis . The third place : a belated concept / Ray Oldenburg. -- Democracy and "neighborly communities" : some theoretical considerations on the built environment / Kevin Leyden and Philip Michelbach. Sprawling cities / Karl Olov Arnstberg. Beyond the neighborhood : new urbanism as civic renewal / David Brain. Urban design and development in the Swedish tradition / Knut Strömberg -- Complexity science and new urban forms: Hierarchy, scale, and complexity in urban design / Michael Batty. Growing sustainable suburbs : an incremental strategy for reconstructing modern sprawl / Lucien Steil, Nikos A. Salingaros, and Michael Mehaffy. Complex systems thinking and new urbanism / T. Irene Sanders. New science, new architecture ... new urbanism? / Michael Mehaffy. Quantum urbanism : urban design in the post-Cartesian paradigm / Ayssar Arida -- Beyond urbanism and the future of cities: Another new urbanism / Edward Soja. New urbanism in the age of re-urbanism / Robert Fishman. The new urbanism in the twenty-first century : progress or problem? / Edward Robbins. Making public interventions in today's massive cities / Saskia Sassen. The world is spiky : globalization has changed the economic playing field, but hasn't leveled it / Richard Florida. Space of flows, space of places : materials for a theory of urbanism in the information age / Manuel Castells. | |
| 526 | _aP158 | ||
| 526 | _aP146 | ||
| 526 | _aP17 | ||
| 526 | _aP12 | ||
| 526 | _aP06 | ||
| 541 | _g003-001197; | ||
| 650 | 1 | 4 |
_aUrbanismo. _93430 |
| 650 | 1 | 4 | _aDesarrollo urbano. |
| 650 | 2 | 4 |
_aArquitectura _xFactores humanos. |
| 700 | 1 |
_aHaas, Tigran, _eeditor. |
|
| 856 | 4 | 1 |
_3Tabla de contenido _uhttp://bvbr.bib-bvb.de:8991/F?func=service&doc_library=BVB01&local_base=BVB01&doc_number=016519443&line_number=0001&func_code=DB_RECORDS&service_type=MEDIA |
| 942 |
_2ddc _cBOOK |
||
| 949 |
_a711.4 N4 _wDEWEY _c1 _i73949 _lCCODEBUL1 _mBUL _p26.70 _r0 _sY _tBOOK _u2016-6-27 _xINGENIERIA _PP06 _0COMPRA _o.STAFF. Colección General |
||
| 994 |
_aC0 _bPEPRU |
||
| 856 | 4 | 1 |
_3Tabla de contenido _uhttp://bvbr.bib-bvb.de:8991/F?func=service&doc_library=BVB01&local_base=BVB01&doc_number=016519443&line_number=0001&func_code=DB_RECORDS&service_type=MEDIA |
| 596 | _a1 | ||
| 999 |
_a711.4 N4 _wDEWEY _c10214 _i73949 _d10214 _e2017-6-22 _f2021-11-9 _g7 _lCCODEBUL1 _mBUL _n3 _p26.70 _q1 _r0 _sY _tBOOK _u2016-6-27 _xINGENIERIA _PP06 _0COMPRA _o.STAFF. Colección General |
||
| 980 |
_81 _gALBERTO SANCHEZ Responsable de Automatización |
||